000
00259nam a22001217a 4500
040
_c
SK
082
_a
633
100
_a
សុក គន្ធី
245
_a
Rice post-harvest technology
260
_a
JAPEN
_b
សុក
_c
1995
300
_a
566p.
942
_c
EK
999
_c
8737
_d
8737